Jet Lag: The Game Seasons by Title - Statistics

General Stats
  • This quiz has been taken 113 times
    10 since last reset
  • The average score is 15 of 18
Answer Stats
Season Location Title % Correct
8 USA Arctic Escape
100%
1 Western USA Connect 4 Across America
100%
9 Switzerland Hide + Seek
100%
13.5 New York City Hide + Seek Across NYC
100%
12 Japan Hide + Seek: Japan
100%
3 Western Europe Tag EUR It
100%
7 Western Europe Tag EUR It 2
100%
11 Southern Europe Tag EUR It 3
100%
15 Europe Tag EUR It All Stars
100%
6 Japan Capture the Flag
89%
14 South Korea Snake
89%
2 Earth Circumnavigation
78%
13 Europe Schengen Showdown
78%
10 Australia Au$tralia
67%
4 USA Battle 4 America
67%
16 UK Hide + Seek UK
67%
5 New Zealand Race to the End of the World
56%
17 Taiwan Taiwan: Rail Rush
56%
No matching quizzes found
Score Distribution
Percent of People with Each Score
Percentile by Number Answered
Your Score History
You have not taken this quiz since the last reset